[Event "Reykjavik op"]
[Site "Reykjavik"]
[Date "2012.03.13"]
[Round "9"]
[White "Vrban, Damir"]
[Black "Hynna, Kevin"]
[Result "1-0"]
[WhiteElo "2152"]
[BlackElo "1936"]
[PlyCount "84"]
[EventDate "2012.03.06"]
[EventType "swiss"]
[EventRounds "9"]
[EventCountry "ISL"]
[SourceTitle "CBM 147 Extra"]
[Source "ChessBase"]
[SourceDate "2012.04.24"]
[SourceVersion "1"]
[SourceVersionDate "2012.04.24"]
[SourceQuality "1"]

1. Nf3 Nf6 2. g3 g6 3. Bg2 Bg7 4. 0-0 0-0 5. c4 d6 6. Nc3 c5 7. e3 Nc6 8. d4 cxd4 9. exd4 a6 10. Bf4 Bd7 11. Rc1 Qa5 12. Re1 Rfe8 13. d5 Na7 14. Bd2 Qd8 15. Be3 b5 16. c5 dxc5 17. Bxc5 Nc8 18. Ne5 Nd6 19. Nc6 Bxc6 20. dxc6 Qc7 21. Bf3 Nc4 22. Qe2 e6 23. b3 Na5 24. Bb4 Rac8 25. Ne4 Red8 26. Nc5 Nxc6 27. Nxe6 Re8 28. Nxc7 Rxe2 29. Rxe2 Nxb4 30. Bb7 Rd8 31. Nxa6 Rd7 32. Nxb4 Rxb7 33. Rc8+ Bf8 34. Nc6 Kg7 35. a4 bxa4 36. bxa4 Rb1+ 37. Kg2 Ra1 38. a5 h5 39. h4 Nd5 40. Rb8 Rc1 41. Nd4 g5 42. Rb5 Bc5 1-0

[Event "Reykjavik op"]
[Site "Reykjavik"]
[Date "2012.03.07"]
[Round "2"]
[White "Trella, Thomas"]
[Black "Vrban, Damir"]
[Result "1-0"]
[WhiteElo "2410"]
[BlackElo "2152"]
[PlyCount "51"]
[EventDate "2012.03.06"]
[EventType "swiss"]
[EventRounds "9"]
[EventCountry "ISL"]
[SourceTitle "CBM 147 Extra"]
[Source "ChessBase"]
[SourceDate "2012.04.24"]
[SourceVersion "1"]
[SourceVersionDate "2012.04.24"]
[SourceQuality "1"]

1. Nf3 f5 2. d4 Nf6 3. g3 g6 4. Bg2 Bg7 5. 0-0 0-0 6. b3 d6 7. Bb2 c6 8. Nbd2 Na6 9. c4 Kh8 10. Qc2 Be6 11. a3 Bg8 12. e4 Nxe4 13. Nxe4 fxe4 14. Qxe4 d5 15. Qc2 dxc4 16. bxc4 Qc7 17. Rfe1 Rae8 18. Ne5 e6 19. Re4 Bf6 20. c5 Qg7 21. Ng4 Nc7 22. Nxf6 Rxf6 23. d5 Nxd5 24. Be5 h6 25. Qb2 Kh7 26. Ra4 1-0

[Event "HUN-chT2 Asztalos 0910"]
[Site "Hungary"]
[Date "2009.11.08"]
[Round "1"]
[White "Vrban, Damir"]
[Black "Csernyiczky, Laszlo"]
[Result "0-1"]
[WhiteElo "2118"]
[BlackElo "2134"]
[PlyCount "66"]
[EventDate "2009.11.08"]
[EventType "team-tourn"]
[EventRounds "11"]
[EventCountry "HUN"]
[SourceTitle "EXT 2011"]
[Source "ChessBase"]
[SourceDate "2010.11.26"]
[SourceVersion "1"]
[SourceVersionDate "2010.11.26"]
[SourceQuality "1"]
[WhiteTeam "Nagyatad"]
[BlackTeam "Dunaujvaros"]
[WhiteTeamCountry "HUN"]
[BlackTeamCountry "HUN"]

1. g3 d5 2. Bg2 Nf6 3. Nf3 Nbd7 4. b3 e6 5. Bb2 Bd6 6. c4 c6 7. 0-0 0-0 8. d3 Re8 9. Qc2 Qc7 10. Nbd2 b6 11. Rfc1 Bb7 12. a3 Rac8 13. b4 c5 14. Qb3 d4 15. Rab1 Rb8 16. Qd1 e5 17. bxc5 bxc5 18. e4 dxe3 19. fxe3 e4 20. Ng5 exd3 21. Nf1 Bxg2 22. Kxg2 Be5 23. Bxe5 Nxe5 24. Nf3 Rxb1 25. Rxb1 Qc6 26. h3 h6 27. Rb3 Qe4 28. Kf2 Nxf3 29. Qxf3 Qxc4 30. Rb2 Qc3 31. Rb7 Qc2+ 32. Kg1 d2 33. Nxd2 Qxd2 0-1

[Event "Tirol-ch 20th"]
[Site "Hall im Tirol "]
[Date "2009.07.01"]
[Round "5"]
[White "Stolzlechner, Thomas"]
[Black "Vrban, Damir"]
[Result "1/2-1/2"]
[WhiteElo "2066"]
[BlackElo "2140"]
[PlyCount "29"]
[EventDate "2009.06.27"]
[EventType "swiss"]
[EventRounds "7"]
[EventCountry "AUT"]
[SourceTitle "EXT 2011"]
[Source "ChessBase"]
[SourceDate "2010.11.26"]
[SourceVersion "1"]
[SourceVersionDate "2010.11.26"]
[SourceQuality "1"]

1. Nf3 g6 2. g3 b6 3. Bg2 Bb7 4. 0-0 Bg7 5. c4 f5 6. Nc3 Nf6 7. d4 0-0 8. Bf4 c5 9. d5 Ne4 10. Nxe4 fxe4 11. Nd2 Bxb2 12. Rb1 Bg7 13. Nxe4 Na6 14. Qd2 d6 15. Bh3 1/2-1/2

[Event "Tirol-ch 20th"]
[Site "Hall im Tirol "]
[Date "2009.06.30"]
[Round "4"]
[White "Vrban, Damir"]
[Black "Schnegg, Daniel"]
[Result "1/2-1/2"]
[WhiteElo "2140"]
[BlackElo "2084"]
[PlyCount "27"]
[EventDate "2009.06.27"]
[EventType "swiss"]
[EventRounds "7"]
[EventCountry "AUT"]
[SourceTitle "EXT 2011"]
[Source "ChessBase"]
[SourceDate "2010.11.26"]
[SourceVersion "1"]
[SourceVersionDate "2010.11.26"]
[SourceQuality "1"]

1. e4 c5 2. Nf3 d6 3. d4 cxd4 4. Nxd4 Nf6 5. Nc3 a6 6. Bg5 e6 7. f4 Nbd7 8. Bc4 Qb6 9. Bb3 Nc5 10. Bxf6 gxf6 11. Qd2 Qa5 12. 0-0-0 b5 13. Rhe1 Bb7 14. a3 1/2-1/2

[Event "Seefeld op 19th"]
[Site "Seefeld"]
[Date "2008.09.11"]
[Round "7"]
[White "Quinn, John M"]
[Black "Vrban, Damir"]
[Result "1/2-1/2"]
[WhiteElo "2136"]
[BlackElo "2119"]
[PlyCount "22"]
[EventDate "2008.09.05"]
[EventType "swiss"]
[EventRounds "9"]
[EventCountry "AUT"]
[SourceTitle "EXT 2010"]
[Source "ChessBase"]
[SourceDate "2010.11.25"]
[SourceVersion "1"]
[SourceVersionDate "2010.11.25"]
[SourceQuality "1"]

1. d4 f5 2. Nc3 Nf6 3. Bg5 d5 4. Bxf6 exf6 5. e3 Be6 6. Bd3 Qd7 7. Qf3 Nc6 8. a3 Ne7 9. Nge2 c6 10. h3 h5 11. 0-0-0 Nc8 1/2-1/2

[Event "Tirol-ch"]
[Site "Kramsach"]
[Date "2007.06.29"]
[Round "6.2"]
[White "Gerhold, Michael"]
[Black "Vrban, Damir"]
[Result "1/2-1/2"]
[WhiteElo "2218"]
[BlackElo "2120"]
[PlyCount "83"]
[EventDate "2007.06.24"]
[EventType "swiss"]
[EventRounds "7"]
[EventCountry "AUT"]
[SourceTitle "EXT 2024"]
[Source "ChessBase"]
[SourceDate "2023.10.10"]
[SourceVersion "1"]
[SourceVersionDate "2023.10.10"]
[SourceQuality "1"]

1. Nf3 f5 2. c4 Nf6 3. g3 g6 4. Bg2 Bg7 5. d4 0-0 6. 0-0 d6 7. Nc3 c6 8. Rb1 Ne4 9. Qd3 Nxc3 10. Qxc3 e5 11. e3 e4 12. Nd2 Qe7 13. b4 Be6 14. Qc2 b5 15. c5 d5 16. a4 a6 17. Ra1 Ra7 18. Nb3 bxa4 19. Rxa4 g5 20. f4 g4 21. Bd2 Bc8 22. Rfa1 Rc7 23. Bf1 h5 24. Be1 Bf6 25. R1a2 Rf7 26. Qc3 Rh7 27. Rb2 h4 28. Bf2 Qg7 29. Qe1 Qe7 30. gxh4 Bxh4 31. Bxh4 Rxh4 32. Qg3 Qh7 33. Nd2 Rh6 34. Bg2 Rg7 35. Nf1 Qg6 36. Bh1 Qf7 37. Qe1 Rgh7 38. Ng3 Qf6 39. Raa2 Qf7 40. Ra5 Qf6 41. Raa2 Qf7 42. Ra5 1/2-1/2

[Event "Tirol-ch"]
[Site "Kramsach"]
[Date "2007.06.27"]
[Round "4.3"]
[White "Platzgummer, Fabian"]
[Black "Vrban, Damir"]
[Result "0-1"]
[WhiteElo "2090"]
[BlackElo "2120"]
[PlyCount "86"]
[EventDate "2007.06.24"]
[EventType "swiss"]
[EventRounds "7"]
[EventCountry "AUT"]
[SourceTitle "EXT 2024"]
[Source "ChessBase"]
[SourceDate "2023.10.10"]
[SourceVersion "1"]
[SourceVersionDate "2023.10.10"]
[SourceQuality "1"]

1. d4 Nf6 2. c4 c5 3. d5 d6 4. Nc3 g6 5. e4 Bg7 6. f4 0-0 7. Nf3 e6 8. e5 dxe5 9. fxe5 Ng4 10. Bf4 exd5 11. cxd5 Nd7 12. e6 fxe6 13. Bg5 Qb6 14. Qb3 exd5 15. Nxd5 Qxb3 16. axb3 Bxb2 17. Ra2 Bg7 18. Nc7 Bc3+ 19. Bd2 Bxd2+ 20. Kxd2 Rb8 21. Bc4+ Kh8 22. Re1 Nb6 23. Rxa7 Bf5 24. Re7 Nc8 25. h3 Nxe7 26. hxg4 Bxg4 27. Ne5 h5 28. Kc3 Bf5 29. Na6 Rbe8 30. Nxc5 Nc8 31. Nf7+ Rxf7 32. Bxf7 Rf8 33. Rxb7 Nd6 34. Bd5 Nxb7 35. Nxb7 g5 36. b4 g4 37. b5 g3 38. b6 Rf6 39. Kd4 Rxb6 40. Ke5 Bd7 41. Kf4 h4 42. Be4 Rb4 43. Ke3 Rxe4+ 0-1

[Event "Hastings Masters op 82nd"]
[Site "Hastings"]
[Date "2006.12.30"]
[Round "3"]
[White "Vrban, Damir"]
[Black "Ledger, Dave J"]
[Result "0-1"]
[WhiteElo "2130"]
[BlackElo "2276"]
[PlyCount "152"]
[EventDate "2006.12.28"]
[EventType "swiss"]
[EventRounds "9"]
[EventCountry "ENG"]
[SourceTitle "CBM 116 Extra"]
[Source "ChessBase"]
[SourceDate "2007.03.07"]
[SourceVersion "1"]
[SourceVersionDate "2007.03.07"]
[SourceQuality "1"]

1. f4 d5 2. Nf3 g6 3. g3 Bg7 4. Bg2 c6 5. 0-0 Qb6+ 6. d4 Nd7 7. Kh1 Nh6 8. c3 Nf6 9. a4 Nf5 10. Qd3 Nd6 11. Nh4 Nfe4 12. Nd2 Nxd2 13. Bxd2 Bf6 14. e4 dxe4 15. Bxe4 Nxe4 16. Qxe4 Qxb2 17. Qe3 Qb3 18. Nf3 h5 19. h4 Bf5 20. a5 0-0 21. Ne5 Rac8 22. c4 Qxe3 23. Bxe3 Rfd8 24. c5 Rb8 25. Kg1 Bxe5 26. dxe5 Rd3 27. Kf2 Rbd8 28. Rfe1 Rb3 29. Red1 Rb2+ 30. Ke1 Rxd1+ 31. Rxd1 Ra2 32. Bd2 Kf8 33. Rc1 Ke8 34. Rc4 Kd7 35. Ke2 Ra3 36. Kf2 a6 37. Rb4 Kc8 38. Rb2 Bd3 39. Be1 Bb5 40. Bb4 Ra4 41. Kf3 Kd7 42. Rd2+ Ke6 43. Rd4 Ra2 44. Rd8 Rb2 45. Bd2 Bc4 46. Ke3 Rb3+ 47. Kf2 Bd5 48. Be3 Rb2+ 49. Ke1 Kf5 50. Rd7 Ke4 51. Bf2 Kf3 52. Bd4 Rb3 53. Kd2 Kxg3 54. f5 gxf5 55. Rxe7 Kxh4 56. Re8 Kg4 57. Rg8+ Kf4 58. Rh8 Rh3 59. Rb8 Ke4 60. Bg1 Rg3 61. Bf2 Rb3 62. Kc2 Rb5 63. Kc1 Kxe5 64. Rh8 Rxa5 65. Rxh5 Ra2 66. Bh4 Kd4 67. Be7 Kc3 68. Rh3+ Kc4 69. Kb1 Rf2 70. Rh8 f4 71. Rb8 f3 72. Rxb7 Re2 73. Bh4 f2 74. Bxf2 Rxf2 75. Rb6 Kc3 76. Ka1 Rf1+ 0-1

[Event "Hastings Masters op 82nd"]
[Site "Hastings"]
[Date "2006.12.29"]
[Round "2"]
[White "Spanton, Timothy"]
[Black "Vrban, Damir"]
[Result "0-1"]
[WhiteElo "2051"]
[BlackElo "2130"]
[PlyCount "62"]
[EventDate "2006.12.28"]
[EventType "swiss"]
[EventRounds "9"]
[EventCountry "ENG"]
[SourceTitle "CBM 116 Extra"]
[Source "ChessBase"]
[SourceDate "2007.03.07"]
[SourceVersion "1"]
[SourceVersionDate "2007.03.07"]
[SourceQuality "1"]

1. e4 c5 2. Nf3 Nf6 3. e5 Nd5 4. d4 cxd4 5. c4 Nc7 6. Nxd4 g6 7. Bf4 Bg7 8. Nc3 Nc6 9. Nf3 Ne6 10. Bg3 0-0 11. Bd3 Qa5 12. 0-0 Nxe5 13. Nxe5 Bxe5 14. Nd5 Bxb2 15. Nxe7+ Kg7 16. Bd6 Be5 17. c5 Bxd6 18. cxd6 Qe5 19. Qg4 f5 20. Qb4 a5 21. Qa3 Nc5 22. Rfe1 Qxd6 23. Qc3+ Kf7 24. Bxf5 Ne6 25. Bxe6+ dxe6 26. Nxc8 Raxc8 27. Qf3+ Kg8 28. Qxb7 Qd4 29. Rf1 Rc2 30. Qb3 Rcxf2 31. Qxe6+ Kh8 0-1

[Event "AUT-chT2W 0607"]
[Site "Austria"]
[Date "2006.10.21"]
[Round "1"]
[White "Hicker, Harald"]
[Black "Vrban, Damir"]
[Result "1/2-1/2"]
[WhiteElo "2136"]
[BlackElo "2130"]
[PlyCount "48"]
[EventDate "2006.10.21"]
[EventType "team"]
[EventRounds "11"]
[EventCountry "AUT"]
[SourceTitle "EXT 2007"]
[Source "ChessBase"]
[SourceDate "2006.11.23"]
[SourceVersion "1"]
[SourceVersionDate "2006.11.23"]
[SourceQuality "1"]

1. d4 f5 2. c4 Nf6 3. Nc3 d6 4. Nf3 g6 5. g3 Bg7 6. Bg2 0-0 7. 0-0 c6 8. Re1 Nh5 9. e4 f4 10. Ne2 fxg3 11. hxg3 Qe8 12. Be3 Nd7 13. Qd2 Ndf6 14. Nh2 Qf7 15. Rac1 Ng4 16. Nxg4 Bxg4 17. Nf4 Nxf4 18. Bxf4 Bxd4 19. Qxd4 e5 20. Bxe5 dxe5 21. Qe3 Rad8 22. f3 Be6 23. Red1 Bxc4 24. b3 Be6 1/2-1/2

[Event "Seefeld op 16th"]
[Site "Seefeld"]
[Date "2005.09.23"]
[Round "7"]
[White "Lagrotteria, Salvatore"]
[Black "Vrban, Damir"]
[Result "1-0"]
[WhiteElo "2214"]
[BlackElo "2133"]
[PlyCount "57"]
[EventDate "2005.09.17"]
[EventType "swiss"]
[EventRounds "9"]
[EventCountry "AUT"]
[SourceTitle "EXT 2007"]
[Source "ChessBase"]
[SourceDate "2006.11.23"]
[SourceVersion "1"]
[SourceVersionDate "2006.11.23"]
[SourceQuality "1"]

1. d4 f5 2. c4 Nf6 3. Nc3 d6 4. Bg5 Nbd7 5. f3 g6 6. e4 fxe4 7. fxe4 e5 8. Nf3 exd4 9. Nxd4 Nb6 10. Be2 Bg7 11. 0-0 0-0 12. a4 a5 13. Qd2 Qe7 14. Rad1 Bd7 15. b3 Qe5 16. Bf4 Qe7 17. Bf3 Ng4 18. Bxg4 Bxg4 19. Rde1 c6 20. h3 Bc8 21. Nde2 Be5 22. Bg5 Qc7 23. Rxf8+ Kxf8 24. Rf1+ Kg8 25. Nf4 Qg7 26. Nce2 Bf6 27. Bxf6 Qxf6 28. Nh5 Qxf1+ 29. Kxf1 1-0

[Event "Seefeld op 16th"]
[Site "Seefeld"]
[Date "2005.09.22"]
[Round "6"]
[White "Vrban, Damir"]
[Black "Tscharotschkin, Michael"]
[Result "1/2-1/2"]
[WhiteElo "2133"]
[BlackElo "2243"]
[PlyCount "34"]
[EventDate "2005.09.17"]
[EventType "swiss"]
[EventRounds "9"]
[EventCountry "AUT"]
[SourceTitle "EXT 2007"]
[Source "ChessBase"]
[SourceDate "2006.11.23"]
[SourceVersion "1"]
[SourceVersionDate "2006.11.23"]
[SourceQuality "1"]

1. g3 d5 2. Bg2 Nf6 3. d3 g6 4. f4 Bg7 5. Nf3 0-0 6. 0-0 e6 7. c3 b6 8. Na3 Bb7 9. Qe1 Nbd7 10. h3 Qe7 11. Nh4 Rad8 12. g4 Ne8 13. Be3 Nd6 14. Qg3 f5 15. Nc2 c5 16. Rad1 Nf6 17. Nf3 Nf7 1/2-1/2

[Event "Seefeld op 16th"]
[Site "Seefeld"]
[Date "2005.09.19"]
[Round "3"]
[White "Stock, Juergen"]
[Black "Vrban, Damir"]
[Result "1/2-1/2"]
[WhiteElo "2031"]
[BlackElo "2133"]
[PlyCount "122"]
[EventDate "2005.09.17"]
[EventType "swiss"]
[EventRounds "9"]
[EventCountry "AUT"]
[SourceTitle "EXT 2007"]
[Source "ChessBase"]
[SourceDate "2006.11.23"]
[SourceVersion "1"]
[SourceVersionDate "2006.11.23"]
[SourceQuality "1"]

1. d4 f5 2. c3 g6 3. e3 Bg7 4. f4 Nh6 5. Nf3 Nf7 6. Nbd2 b6 7. e4 fxe4 8. Nxe4 Bb7 9. Bd3 e6 10. 0-0 Nc6 11. Ne5 Qe7 12. Nxf7 Qxf7 13. d5 Nd8 14. Ng5 Qf6 15. dxe6 dxe6 16. Bb5+ Kf8 17. Be3 Qe7 18. Bd4 h6 19. Bxg7+ Kxg7 20. Nf3 Qc5+ 21. Qd4+ Qxd4+ 22. Nxd4 Kf6 23. Bc4 a6 24. Rae1 Bc8 25. Nf3 Bd7 26. Ne5 Be8 27. Ng4+ Ke7 28. f5 gxf5 29. Rxf5 h5 30. Nf6 Bf7 31. Rf3 c6 32. Ne4 Rh6 33. Ng5 Bg8 34. Rfe3 b5 35. Bb3 Ra7 36. Ne4 a5 37. Nc5 a4 38. Bd1 Nb7 39. Ne4 Bh7 40. Ng5 Bf5 41. Re5 Kd7 42. Bf3 Ra8 43. Ne4 h4 44. Nc5+ Nxc5 45. Rxc5 Ra6 46. Rd1+ Kc7 47. Rd4 a3 48. bxa3 Rh7 49. c4 bxc4 50. Rdxc4 Rxa3 51. Rxc6+ Kd7 52. Rc7+ Kd6 53. R4c6+ Ke5 54. Rc5+ Kd4 55. Rc4+ Ke5 56. Rxh7 Bxh7 57. Rxh4 Bf5 58. Rh5 Rxa2 59. g4 Kf4 60. gxf5 Kxf3 61. Rh3+ Kg4 1/2-1/2

[Event "Portoroz op"]
[Site "Portoroz"]
[Date "2005.04.29"]
[Round "4"]
[White "Vrban, Damir"]
[Black "Srebrnic, Vojko"]
[Result "1/2-1/2"]
[WhiteElo "2131"]
[BlackElo "2260"]
[PlyCount "76"]
[EventDate "2005.04.26"]
[EventType "swiss"]
[EventRounds "7"]
[EventCountry "SLO"]
[SourceTitle "EXT 2006"]
[Source "ChessBase"]
[SourceDate "2005.11.24"]
[SourceVersion "1"]
[SourceVersionDate "2005.11.24"]
[SourceQuality "1"]

1. f4 c5 2. Nf3 Nc6 3. g3 g6 4. Bg2 Bg7 5. 0-0 e6 6. d3 Nge7 7. e4 d6 8. c4 0-0 9. Nc3 Nd4 10. Ne2 Nxf3+ 11. Bxf3 Nc6 12. Rb1 Rb8 13. Be3 b6 14. d4 Bb7 15. a3 f5 16. exf5 exf5 17. b4 Qe7 18. Bf2 Nd8 19. d5 Nf7 20. Re1 Qc7 21. b5 a6 22. a4 axb5 23. axb5 Ra8 24. Kh1 Ra2 25. Bg1 Rfa8 26. Nc1 R2a3 27. Rb3 Rxb3 28. Qxb3 Qd8 29. Re2 Ra1 30. Rc2 Qa8 31. Qd3 Bc8 32. Qe2 Bd7 33. Ra2 Rxa2 34. Qxa2 Qxa2 35. Nxa2 g5 36. Be3 h6 37. Bd2 Bf6 38. Nc3 g4 1/2-1/2

[Event "Arvier op 2nd"]
[Site "Arvier"]
[Date "2005.04.22"]
[Round "6"]
[White "Bondielli, Giorgio"]
[Black "Vrban, Damir"]
[Result "1/2-1/2"]
[WhiteElo "1976"]
[BlackElo "2131"]
[PlyCount "29"]
[EventDate "2005.04.18"]
[EventType "swiss"]
[EventRounds "9"]
[EventCountry "ITA"]
[SourceTitle "CBM 105 Extra"]
[Source "ChessBase"]
[SourceDate "2005.05.01"]
[SourceVersion "1"]
[SourceVersionDate "2005.05.01"]
[SourceQuality "1"]

1. e4 Nf6 2. e5 Nd5 3. d4 d6 4. exd6 cxd6 5. Bc4 Nb6 6. Bb3 Nc6 7. Nf3 d5 8. Ne5 Nxe5 9. dxe5 Bf5 10. 0-0 Qd7 11. Be3 Nc4 12. Nc3 Nxe5 13. Nxd5 b5 14. Qe2 Nc4 15. Rad1 1/2-1/2

[Event "Arvier op 2nd"]
[Site "Arvier"]
[Date "2005.04.20"]
[Round "3"]
[White "Vrban, Damir"]
[Black "Malano, Francesco"]
[Result "1/2-1/2"]
[WhiteElo "2131"]
[BlackElo "2026"]
[PlyCount "88"]
[EventDate "2005.04.18"]
[EventType "swiss"]
[EventRounds "9"]
[EventCountry "ITA"]
[SourceTitle "CBM 105 Extra"]
[Source "ChessBase"]
[SourceDate "2005.05.01"]
[SourceVersion "1"]
[SourceVersionDate "2005.05.01"]
[SourceQuality "1"]

1. g3 d5 2. Bg2 Nf6 3. f4 Bf5 4. Nf3 e6 5. d3 Be7 6. 0-0 h6 7. Qe1 Na6 8. h3 Nb4 9. Na3 c5 10. Ne5 Rb8 11. c3 Na6 12. e4 Bh7 13. g4 0-0 14. f5 Nc7 15. Nc2 Nd7 16. Nf3 exf5 17. exf5 Bd6 18. Qf2 Re8 19. Be3 b6 20. a4 a6 21. b4 Qf6 22. d4 c4 23. Qd2 Re7 24. Rae1 Rbe8 25. Ng5 Bg3 26. Nxh7 Kxh7 27. Bf2 Qg5 28. Qxg5 Bxf2+ 29. Kxf2 hxg5 30. Rxe7 Rxe7 31. Re1 Rxe1 32. Nxe1 Kg8 33. Ke3 Kf8 34. Nf3 f6 35. h4 gxh4 36. Nxh4 Ke7 37. Ng6+ Kd6 38. Bf3 Nb8 39. Bd1 Nc6 40. Kf4 Ne7 41. Nh4 Ng8 42. Bc2 Nh6 43. Nf3 Nf7 44. g5 Nd8 1/2-1/2